|
|
|
|
| LEADER |
01046nam a2200253 a 4500 |
| 001 |
GR-Patra14169 |
| 008 |
010201s1991 gr g 000 b gre d |
| 020 |
|
|
|a 9600501211
|
| 040 |
|
|
|a GrPaTEI
|b gre
|c GR-PaULI
|
| 040 |
|
|
|a GrPaTEI
|b gre
|c GR-PaULI
|
| 084 |
|
|
|a Μ
|
| 100 |
1 |
|
|a Simon, Claude
|
| 245 |
1 |
0 |
|a Ξενοδοχείον πολυτελείας /
|c Κλώντ Σιμόν ; Μετάφραση: Τάνια Βελλιανίτη.
|
| 260 |
|
|
|a Αθήνα :
|b Εστία,
|c 1991
|
| 300 |
|
|
|a 188σ.
|
| 490 |
1 |
|
|a Σειρά Ξένης Λογοτεχνίας
|
| 500 |
|
|
|a Τίτλος πρωτοτύπου: Le Palace
|
| 650 |
|
7 |
|a Ξένη λογοτεχνία
|x Μυθιστόρημα
|
| 710 |
0 |
|
|a Εστία
|
| 830 |
|
0 |
|1 00114170
|1 2001
|a Σειρά Ξένης Λογοτεχνίας
|
| 942 |
|
|
|2 ddc
|
| 952 |
|
|
|0 0
|1 0
|2 ddc
|4 0
|6 Μ_SIM
|7 0
|9 293143
|a LISK
|b LISK
|c BSC
|d 2021-01-17
|e 24
|f 0
|g 0.00
|l 0
|o Μ SIM
|p 92410019008
|r 2021-01-17 00:00:00
|t 1
|w 2021-01-17
|y BK15
|x 20010201 0 1
|x GrPaTEI
|
| 971 |
|
|
|a .b26616841
|b 16-04-20
|c 23-09-16
|
| 999 |
|
|
|c 171363
|d 171363
|